| 000 | 00677nam a2200181Ia 4500 | ||
|---|---|---|---|
| 003 | GCL | ||
| 008 | 140319s9999 xx 000 0 ara d | ||
| 040 |
_aGCL / _cGCL |
||
| 082 | 0 | 4 |
_a929.1 _bس ا |
| 100 | 1 | _aالسمعانى : تاج الاسلام ابو سعد عبدالكريم بن محمد بن ابى المظفر | |
| 245 | 1 | 0 |
_aالانساب / _cالسمعانى : تاج الاسلام ابو سعد عبدالكريم بن محمد بن ابى المظفر |
| 260 |
_aبيروت : _bدار الجنان ، _c1988 |
||
| 300 |
_aمتعدد ؛ _c24 سم |
||
| 490 | _a | ||
| 650 | 0 | 4 | _aالانساب العربية |
| 650 | 0 | 4 | _aالانساب |
| 942 |
_2ddc _cBK |
||
| 999 |
_c59173 _d59173 |
||